[Event "XXXVI Olimpiadi (San Marino)"]
[Site "Calvia' ESP"]
[Date "2004.10.18"]
[Round "4.3"]
[White "Volpinari, Danilo"]
[Black "Berg, Olaf"]
[Result "0-1"]
[WhiteElo "2053"]
[BlackElo "2211"]
[Annotator "SMR-FRO"]
[PlyCount "86"]
[EventDate "2004.10.15"]

1.e4 c5 2.Nf3 Nc6 3.d4 cxd4 4.Nxd4 Nf6 5.Nc3 e5 6.Ndb5 d6 7.Nd5 Nxd5 8.
exd5 Ne7 9.c3 Nf5 10.a4 Be7 11.Be2 O-O 12.O-O Nh4 13.Be3 a6 14.Na3 Bg5 15.
Qd2 Bxe3 16.Qxe3 f5 17.f4 g5 18.g3 exf4 19.gxf4 Re8 20.Qd2 g4 21.Nc2 b6 
22.Nd4 Qf6 23.Rae1 Bd7 24.b3 Kg7 25.Bd3 h5 26.Kh1 a5 27.Qf2 Rac8 28.c4 Ng6
29.Re6 Bxe6 30.dxe6 Rc5 31.Re1 h4 32.Qe3 Re7 33.Nb5 Nf8 34.Nd4 h3 35.Bb1 
Ng6 36.Nb5 Qb2 37.Qc3+ Qxc3 38.Nxc3 Nf8 39.Nd5 Rxe6 40.Rxe6 Nxe6 41.Bxf5 
Nxf4 42.Bxg4 Nxd5 43.cxd5 Rc1+ 0-1

[Event "XXXVI Olimpiadi (San Marino)"]
[Site "Calvia' ESP"]
[Date "2004.10.18"]
[Round "4.4"]
[White "Rodgaard, John"]
[Black "Grassi, Enrico"]
[Result "1-0"]
[WhiteElo "2310"]
[BlackElo "2104"]
[Annotator "SMR-FRO"]
[PlyCount "69"]
[EventDate "2004.10.15"]

1.c4 Nf6 2.Nf3 g6 3.Nc3 Bg7 4.e4 d6 5.d4 O-O 6.Be2 e5 7.O-O Nc6 8.Be3 Nd7 
9.Rc1 a6 10.Re1 h6 11.dxe5 Ndxe5 12.Nd4 Nxd4 13.Bxd4 Be6 14.b3 Qd7 15.Nd5 
Bxd5 16.cxd5 c5 17.dxc6 Nxc6 18.Bxg7 Kxg7 19.Qd2 Qe7 20.Bc4 Rac8 21.Bd5 
Rc7 22.Bxc6 bxc6 23.Rc4 Kh7 24.g3 Rd8 25.Rec1 Qd7 26.Qa5 Ra8 27.Rd4 Rb7 
28.Qd2 Rd8 29.Rd1 Qe6 30.Qa5 Ra8 31.Qa4 c5 32.Rxd6 Qg4 33.Qc6 Raa7 34.Rd8 
Re7 35.Qf6 1-0

[Event "XXXVI Olimpiadi (San Marino)"]
[Site "Calvia' ESP"]
[Date "2004.10.19"]
[Round "5.2"]
[White "Volpinari, Danilo"]
[Black "Croes, Octavio"]
[Result "1-0"]
[WhiteElo "2053"]
[BlackElo "2058"]
[Annotator "SMR-ARU"]
[PlyCount "83"]
[EventDate "2004.10.15"]

1.e4 e5 2.Nf3 Nf6 3.Nc3 Nc6 4.d4 exd4 5.Nxd4 Bb4 6.Nxc6 bxc6 7.Bd3 O-O 8.
O-O d5 9.exd5 cxd5 10.Bg5 c6 11.Qf3 Be7 12.Rae1 Be6 13.Ne2 Qb6 14.b3 c5 
15.Nf4 h6 16.Bxf6 Bxf6 17.Nxd5 Bxd5 18.Qxd5 Rad8 19.Qf5 g6 20.Qh3 Kg7 21.
Re4 Bd4 22.Rh4 Rh8 23.Qf3 Qa5 24.a4 Qd2 25.Rf4 Rhf8 26.Bc4 Rd7 27.Bd3 Rdd8
28.g4 Be5 29.Re4 Bd4 30.h4 Kh8 31.Re7 Kg7 32.h5 gxh5 33.gxh5 Qg5+ 34.Qg2 
Qxg2+ 35.Kxg2 Kf6 36.Rxa7 c4 37.Ra6+ Kg5 38.Bxc4 Kxh5 39.Rh1+ Kg5 40.Raxh6
f5 41.Kf3 Bxf2 42.R6h5+ 1-0

[Event "XXXVI Olimpiadi (San Marino)"]
[Site "Calvia' ESP"]
[Date "2004.10.20"]
[Round "6.3"]
[White "Renzi, Nicola"]
[Black "Mukabi, John Mukuna"]
[Result "1/2-1/2"]
[WhiteElo "2200"]
[BlackElo "2105"]
[Annotator "SMR-KEN"]
[PlyCount "54"]
[EventDate "2004.10.15"]

1.d4 Nf6 2.Nf3 e6 3.Bf4 c5 4.e3 Nc6 5.c3 Be7 6.Nbd2 d5 7.Bd3 O-O 8.Ne5 
Nxe5 9.dxe5 Ne8 10.Qh5 f5 11.Nf3 Nc7 12.g4 Qe8 13.Qh3 Qf7 14.Rg1 g6 15.
O-O-O b6 16.Qg3 Ba6 17.Bxa6 Nxa6 18.h4 fxg4 19.Qxg4 Qf5 20.h5 Kf7 21.hxg6+
hxg6 22.Ng5+ Bxg5 23.Qxg5 Qxg5 24.Rxg5 c4 25.Rdg1 Rg8 26.R5g2 Nc5 27.Kc2 
Nd3 1/2-1/2

[Event "XXXVI Olimpiadi (San Marino)"]
[Site "Calvia' ESP"]
[Date "2004.10.22"]
[Round "7.2"]
[White "Righi, Ezio"]
[Black "Ho Cheng Fai, Victor"]
[Result "1-0"]
[WhiteElo "2129"]
[BlackElo "2035"]
[Annotator "SMR-MAC"]
[PlyCount "101"]
[EventDate "2004.10.15"]

1.e4 d6 2.d4 g6 3.Nc3 Bg7 4.Be3 Nf6 5.Qd2 O-O 6.Nf3 Ng4 7.Bg5 h6 8.Bh4 c6 
9.h3 Nf6 10.g4 e5 11.O-O-O Qe7 12.g5 hxg5 13.Bxg5 b5 14.Bd3 Re8 15.Rdg1 
exd4 16.Nxd4 b4 17.Nce2 Nxe4 18.Bxe7 Nxd2 19.Bxd6 Ne4 20.Bxe4 Rxe4 21.Rd1 
Nd7 22.f3 Bh6+ 23.Kb1 Re3 24.Ng3 Bb7 25.Ngf5 gxf5 26.Nxf5 Re6 27.Rhg1+ Kh7
28.Nxh6 Rxh6 29.Bf4 Rg8 30.Rxg8 Rxh3 31.Rxd7 Kxg8 32.Rxb7 Rxf3 33.Bc1 a5 
34.Rc7 Rf6 35.b3 Re6 36.Bf4 Kg7 37.Ra7 Re4 38.Bc7 f5 39.Rxa5 f4 40.Rf5 Re7
41.Bxf4 Re1+ 42.Bc1 Kg6 43.Rc5 Re4 44.Rxc6+ Kf7 45.Rc4 Re1 46.Rxb4 Ke6 47.
Rd4 Ke5 48.Rd3 Rh1 49.a4 Ke4 50.Kb2 Rh5 51.Bd2 1-0

[Event "XXXVI Olimpiadi (San Marino)"]
[Site "Calvia' ESP"]
[Date "2004.10.22"]
[Round "7.4"]
[White "Renzi, Nicola"]
[Black "Chang, Hon Kun"]
[Result "0-1"]
[WhiteElo "2200"]
[BlackElo "2073"]
[Annotator "SMR-MAC"]
[PlyCount "124"]
[EventDate "2004.10.15"]

1.d4 d5 2.Nf3 Nf6 3.Bf4 e6 4.e3 c5 5.c3 Be7 6.Bd3 O-O 7.Nbd2 c4 8.Bc2 Re8 
9.Ne5 Bf8 10.Qf3 h6 11.g4 Nfd7 12.h4 Nxe5 13.dxe5 g6 14.Rd1 b5 15.Ne4 Nd7 
16.g5 dxe4 17.Bxe4 Rb8 18.gxh6 Be7 19.h7+ Kh8 20.h5 g5 21.Bg3 Rf8 22.Rg1 
Qe8 23.Qg4 Bb7 24.Bc2 Rd8 25.Bf4 f5 26.exf6 Bxf6 27.Bd6 Ne5 28.Bxe5 Rxd1+ 
29.Bxd1 Qf7 30.Qxg5 Bxe5 31.Qxe5+ Qf6 32.Rg8+ Kxh7 33.Rxf8 Qxe5 34.Rf7+ 
Kh6 35.Rxb7 a5 36.a4 b4 37.Rb5 Qg7 38.cxb4 Qxb2 39.bxa5 Qc3+ 40.Kf1 Qd2 
41.Bf3 c3 42.Rc5 c2 43.a6 c1=Q+ 44.Rxc1 Qxc1+ 45.Kg2 Qc5 46.Kg3 e5 47.Bb7 
Kxh5 48.Kf3 Kg5 49.Ke4 Kf6 50.Kf3 Kf5 51.Be4+ Ke6 52.Bb7 Qf8+ 53.Ke2 Qc5 
54.Kf3 Qa5 55.Ke2 Qxa4 56.Kf3 Kf5 57.Ke2 Qc4+ 58.Ke1 e4 59.Kd2 Qd3+ 60.Ke1
Kg4 61.a7 Kf3 62.Bxe4+ Qxe4 0-1

[Event "XXXVI Olimpiadi (San Marino)"]
[Site "Calvia' ESP"]
[Date "2004.10.23"]
[Round "8.2"]
[White "Righi, Ezio"]
[Black "Nakapunda, Otto Zandell"]
[Result "1/2-1/2"]
[WhiteElo "2129"]
[BlackElo "2129"]
[Annotator "SMR-NAM"]
[PlyCount "92"]
[EventDate "2004.10.15"]

1.e4 c6 2.c4 e5 3.Nf3 d6 4.d4 Qc7 5.Nc3 Nf6 6.Be2 g6 7.O-O Bg7 8.h3 O-O 9.
Be3 Re8 10.Qc2 Nbd7 11.d5 c5 12.a3 a6 13.Ne1 Kh8 14.Nd3 Ng8 15.b4 b6 16.
Rfb1 f5 17.f3 Qd8 18.Ra2 Ngf6 19.Rab2 Qe7 20.bxc5 bxc5 21.Qa4 h6 22.Nf2 
Nh5 23.Nb5 Nb6 24.Qa5 axb5 25.Qxb6 Rxa3 26.Bxc5 dxc5 27.Rxb5 Nf4 28.Bf1 
Qg5 29.R1b3 Rxb3 30.Rxb3 Bf8 31.Qc6 Rd8 32.Rb6 Bd7 33.Qc7 Be8 34.Rb7 Rd7 
35.Qxe5+ Kg8 36.Rxd7 Bxd7 37.Qc7 Be8 38.Qb8 Bf7 39.e5 Nxd5 40.cxd5 Bxd5 
41.Qc7 Bxf3 42.e6 Be7 43.Qc8+ Kg7 44.Qe8 Be4 45.Qf7+ Kh8 46.Qe8+ Kg7 
1/2-1/2

[Event "XXXVI Olimpiadi (San Marino)"]
[Site "Calvia' ESP"]
[Date "2004.10.23"]
[Round "8.3"]
[White "Jorrit, Kirsten"]
[Black "Volpinari, Danilo"]
[Result "0-1"]
[WhiteElo "2200"]
[BlackElo "2053"]
[Annotator "SMR-NAM"]
[PlyCount "70"]
[EventDate "2004.10.15"]

1.e4 c5 2.b3 e5 3.Bc4 Nf6 4.Nc3 Nc6 5.Nf3 Be7 6.O-O O-O 7.d3 d6 8.h3 h6 9.
Nh2 Be6 10.a4 d5 11.exd5 Nxd5 12.Ne4 f5 13.Ng3 Qd7 14.Qh5 Rf6 15.Bb2 Nf4 
16.Bxe6+ Qxe6 17.Qf3 Rg6 18.Kh1 Rf8 19.Rg1 Bf6 20.Nh5 Nxh5 21.Qxh5 Rg5 22.
Qe2 Qd5 23.Rae1 Rg6 24.Nf3 e4 25.c4 Qd7 26.dxe4 Bxb2 27.exf5 Rxf5 28.Nh4 
Nd4 29.Qxb2 Rh5 30.g4 Rxh4 31.Rg3 Rgxg4 32.Re8+ Qxe8 33.Rxg4 Rxh3+ 34.Kg2 
Qh5 35.Rxd4 Qf3+ 0-1

[Event "XXXVI Olimpiadi (San Marino)"]
[Site "Calvia' ESP"]
[Date "2004.10.24"]
[Round "9.2"]
[White "Cave, Christo"]
[Black "Righi, Ezio"]
[Result "1-0"]
[WhiteElo "2276"]
[BlackElo "2129"]
[Annotator "SMR-TRI"]
[PlyCount "107"]
[EventDate "2004.10.15"]

1.e4 e5 2.Nf3 Nc6 3.Bc4 Bc5 4.c3 Nf6 5.O-O Qe7 6.d4 Bb6 7.Bg5 d6 8.d5 Nb8 
9.h3 O-O 10.Nbd2 Rd8 11.Qe2 Nbd7 12.Rfe1 Nf8 13.Nf1 Ng6 14.Ng3 h6 15.Nf5 
Bxf5 16.exf5 Nf8 17.Bh4 N8h7 18.Nd2 Qd7 19.Qf3 Re8 20.Ne4 Nxe4 21.Rxe4 f6 
22.Rg4 Qf7 23.Bd3 Rac8 24.Be4 Kf8 25.a4 a5 26.Qd3 Qd7 27.Kh1 Ra8 28.Rg6 
Ng5 29.Qe2 Nxe4 30.Qxe4 Qf7 31.Rd1 Rad8 32.Rd3 Ke7 33.Kg1 Rg8 34.Rdg3 Rde8
35.c4 h5 36.Qe2 c6 37.Rb3 Bc7 38.Rxb7 Kd7 39.Qd3 Rb8 40.Qb3 cxd5 41.cxd5 
Rxb7 42.Qxb7 Rb8 43.Qc6+ Kd8 44.Qc3 Rb4 45.Qg3 Qxd5 46.Rxg7 Qd1+ 47.Kh2 
Qxa4 48.Bxf6+ Kc8 49.Bg5 h4 50.Qd3 Qc6 51.Qe2 d5 52.Rg6 Qd7 53.Qa6+ Kb8 
54.Rg8+ 1-0

[Event "XXXVI Olimpiadi (San Marino)"]
[Site "Calvia' ESP"]
[Date "2004.10.24"]
[Round "9.3"]
[White "Renzi, Nicola"]
[Black "Merritt, Mario"]
[Result "0-1"]
[WhiteElo "2200"]
[BlackElo "2079"]
[Annotator "SMR-TRI"]
[PlyCount "150"]
[EventDate "2004.10.15"]

1.d4 Nf6 2.Nf3 e6 3.Bf4 d5 4.e3 c5 5.c3 Nc6 6.Nbd2 Qb6 7.Qb3 Qxb3 8.axb3 
Bd7 9.h3 Be7 10.Be2 O-O 11.O-O Rac8 12.Ne5 a6 13.Rfd1 Rfd8 14.g4 Be8 15.
Nd3 Nd7 16.dxc5 e5 17.Bg3 Bxc5 18.Nxc5 Nxc5 19.b4 Ne6 20.Nf3 f6 21.b5 axb5
22.Bxb5 Nc7 23.Be2 Bf7 24.Ra4 b5 25.Raa1 b4 26.cxb4 Nxb4 27.Ne1 Ne6 28.f4 
e4 29.f5 Nc5 30.Ra7 Nc6 31.Ra3 Ne5 32.Bxe5 fxe5 33.b4 Nd7 34.Ra7 Kf8 35.
Bb5 Nb6 36.Kf2 d4 37.exd4 exd4 38.Rb7 e3+ 39.Kg3 Nc4 40.Nd3 Bd5 41.Rd7 Nd2
42.Nc5 Rxd7 43.Bxd7 Rb8 44.Be6 Bf3 45.Ra1 Rxb4 46.Ra7 e2 47.Nd3 Rb7 48.Ra2
Be4 49.Ne1 Nf1+ 50.Kf4 d3 51.Kxe4 d2 52.Rxd2 Nxd2+ 53.Ke3 Nb3 54.Kxe2 Nd4+
55.Ke3 Nxe6 56.fxe6 Re7 57.Nd3 Rxe6+ 58.Kf3 Ra6 59.Nf4 g5 60.Ne2 Ra3+ 61.
Kg2 Kf7 62.Ng3 Ke6 63.Kf2 Ke5 64.Kg2 Kd4 65.Nh5 Ke3 66.Nf6 h6 67.Kg3 Ra6 
68.Nd5+ Kd4 69.Ne7 Ke4 70.Nf5 Ra3+ 71.Kg2 Kf4 72.Nxh6 Ra2+ 73.Kf1 Kg3 74.
Nf5+ Kxh3 75.Nh6 Ra6 0-1

[Event "XXXVI Olimpiadi (San Marino)"]
[Site "Calvia' ESP"]
[Date "2004.10.24"]
[Round "9.4"]
[White "Marcelle, Joffrey"]
[Black "Grassi, Enrico"]
[Result "1-0"]
[WhiteElo "1990"]
[BlackElo "2104"]
[Annotator "SMR-TRI"]
[PlyCount "81"]
[EventDate "2004.10.15"]

1.d4 Nf6 2.c4 g6 3.Nc3 Bg7 4.e4 d6 5.Bd3 O-O 6.Nge2 e5 7.d5 c6 8.f3 cxd5 
9.cxd5 Qb6 10.Na4 Qa5+ 11.Bd2 Qd8 12.Be3 Bd7 13.Nac3 Ne8 14.Qd2 f5 15.
O-O-O f4 16.Bf2 Na6 17.Bxa6 bxa6 18.Rdg1 Nc7 19.g3 Nb5 20.Nxb5 Bxb5 21.Kb1
Qd7 22.gxf4 Bxe2 23.Qxe2 Rxf4 24.Be3 Rf7 25.h4 Raf8 26.h5 Rf6 27.hxg6 hxg6
28.Rg3 Qf7 29.Qh2 Qb7 30.Qh7+ Kf7 31.Bh6 Rg8 32.Rhg1 Qb6 33.Rxg6 Qxg1+ 34.
Rxg1 Rxh6 35.Rxg7+ Rxg7 36.Qxh6 Rg6 37.Qh7+ Rg7 38.Qf5+ Kg8 39.Qe6+ Kh7 
40.Qxd6 Rg6 41.Qxe5 1-0

[Event "XXXVI Olimpiadi (San Marino)"]
[Site "Calvia' ESP"]
[Date "2004.10.25"]
[Round "10.2"]
[White "Volpinari, Danilo"]
[Black "Hook, William"]
[Result "0-1"]
[WhiteElo "2053"]
[BlackElo "2108"]
[Annotator "SMR-IVB"]
[PlyCount "112"]
[EventDate "2004.10.15"]

1.e4 e6 2.d4 d5 3.exd5 exd5 4.Nf3 Bd6 5.c4 c6 6.Nc3 Ne7 7.Bd3 f6 8.Qc2 g6 
9.Nh4 Be6 10.b3 dxc4 11.bxc4 Bb4 12.Be3 Qa5 13.Rc1 Nd7 14.O-O Bxc3 15.Qxc3
Qxc3 16.Rxc3 g5 17.Nf3 Bf5 18.Be2 b6 19.Rd1 Rc8 20.Bc1 c5 21.d5 Rd8 22.Ra3
Nc8 23.Bb2 Kf7 24.Kf1 Rhe8 25.h3 h6 26.Rd2 Bg6 27.Bd1 Nb8 28.Ba4 Re7 29.
Nh2 h5 30.g4 Nd6 31.Rf3 f5 32.gxf5 Bxf5 33.Bc2 Kg6 34.Bxf5+ Nxf5 35.Re2 
Rxe2 36.Kxe2 Nd7 37.Nf1 Re8+ 38.Kd2 Re4 39.Ne3 Nxe3 40.Rxe3 Kf5 41.Ke2 
Rxc4 42.Rf3+ Rf4 43.Re3 Re4 44.f3 Rxe3+ 45.Kxe3 b5 46.Bc3 Nb6 47.d6 Nd5+ 
48.Kd3 Ke6 49.Bg7 Kxd6 50.Bh6 Nf4+ 51.Ke4 Nxh3 52.Bf8+ Kc6 53.Be7 b4 54.
Bf8 a5 55.Be7 a4 56.Bf8 b3 0-1

[Event "XXXVI Olimpiadi (San Marino)"]
[Site "Calvia' ESP"]
[Date "2004.10.27"]
[Round "12.2"]
[White "Warner, Delisle"]
[Black "Volpinari, Danilo"]
[Result "1-0"]
[WhiteElo "2291"]
[BlackElo "2053"]
[Annotator "SMR-BAR"]
[PlyCount "51"]
[EventDate "2004.10.15"]

1.Nf3 c5 2.c4 Nc6 3.d4 cxd4 4.Nxd4 Nf6 5.Nc3 g6 6.e4 d6 7.Be2 Bg7 8.Be3 
Bd7 9.O-O O-O 10.Qd2 a5 11.f3 Nxd4 12.Bxd4 Bc6 13.Rab1 Nd7 14.Be3 Nc5 15.
b3 Qc7 16.Rfc1 f5 17.exf5 Rxf5 18.Rc2 e5 19.Bf1 Qe7 20.Rd1 Bf8 21.Rb2 Ne6 
22.Bd3 Rf7 23.Be4 Nd4 24.Nd5 Qh4 25.Bg5 Qh5 26.h4 1-0

[Event "XXXVI Olimpiadi (San Marino)"]
[Site "Calvia' ESP"]
[Date "2004.10.27"]
[Round "12.3"]
[White "Renzi, Nicola"]
[Black "Farley, Terry Ricardo"]
[Result "1/2-1/2"]
[WhiteElo "2200"]
[BlackElo "2247"]
[Annotator "SMR-BAR"]
[PlyCount "35"]
[EventDate "2004.10.15"]

1.d4 Nf6 2.Nf3 g6 3.Nc3 Bg7 4.e4 d6 5.Be3 c6 6.Qd2 b5 7.Bd3 Nbd7 8.d5 b4 
9.dxc6 O-O 10.cxd7 bxc3 11.bxc3 Bb7 12.Bh6 Bxe4 13.Bxg7 Kxg7 14.Bxe4 Nxe4 
15.Qd4+ Nf6 16.O-O Qxd7 17.Rad1 Rac8 18.Rd3 1/2-1/2

[Event "XXXVI Olimpiadi (San Marino)"]
[Site "Calvia' ESP"]
[Date "2004.10.27"]
[Round "12.4"]
[White "Corbin, Philip Arnold"]
[Black "Grassi, Enrico"]
[Result "1-0"]
[WhiteElo "2242"]
[BlackElo "2104"]
[Annotator "SMR-BAR"]
[PlyCount "59"]
[EventDate "2004.10.15"]

1.e4 d5 2.exd5 Qxd5 3.Nc3 Qa5 4.d4 Nf6 5.Nf3 Bf5 6.Bd2 e6 7.Bc4 Bb4 8.Qe2 
c6 9.Ne5 Nbd7 10.O-O-O O-O-O 11.Nxf7 Nd5 12.Nxd5 exd5 13.Bb3 Rde8 14.Nd6+ 
Bxd6 15.Qxe8+ Rxe8 16.Bxa5 Nf6 17.Rhe1 Kd7 18.Rxe8 Kxe8 19.Re1+ Kf7 20.h3 
Bg6 21.c4 b6 22.Bd2 Bd3 23.cxd5 cxd5 24.g4 Bc4 25.Kc2 Ne4 26.Bxc4 Nxd2 27.
Bxd5+ Kf8 28.Rd1 Bf4 29.Rxd2 Bxd2 30.Kxd2 1-0

[Event "Autunno Scacchistico A"]
[Site "Venezia ITA"]
[Date "2004.10.30"]
[Round "1"]
[White "Baracchi, Filippo"]
[Black "Zambon, Roberto"]
[Result "1/2-1/2"]
[WhiteElo "1908"]
[BlackElo "1799"]
[PlyCount "116"]
[EventDate "2004.10.30"]

1. e4 c5 2. Nf3 d6 3. d4 cxd4 4. Nxd4 Nf6 5. Nc3 a6 6. Be2 e6 7. Be3 Be7 8. O-O
Nc6 9. f4 O-O 10. Qe1 Qc7 11. Qg3 Bd7 12. Kh1 Nxd4 13. Bxd4 Bc6 14. Rad1 b5 15.
e5 dxe5 16. Bxe5 Qb7 17. Bd3 b4 18. Ne2 Be4 19. c3 Bxd3 20. Rxd3 Rfd8 21. Rfd1
bxc3 22. Bxc3 g6 23. Rxd8+ Rxd8 24. Rxd8+ Bxd8 25. Qg5 Qe7 26. Qe5 Qd7 27. Bd4
Qd5 28. Nc3 Qxe5 29. fxe5 Nd5 30. Ne4 Kf8 31. Kg1 Bc7 32. Nf6 Nxf6 33. exf6 Ke8
34. Kf2 Kd7 35. h3 e5 36. Be3 Ke6 37. Bg5 Bd8 38. b4 Bxf6 39. Bxf6 Kxf6 40. g4
Ke6 41. g5 Kd5 42. Ke3 Kc4 43. Ke4 Kxb4 44. Kxe5 Ka3 45. Kf6 Kxa2 46. Kxf7 a5
47. Kg7 a4 48. Kxh7 a3 49. Kxg6 Kb2 50. h4 a2 51. h5 a1=Q 52. h6 Qa6+ 53. Kg7
Qb7+ 54. Kg6 Qc6+ 55. Kg7 Qd7+ 56. Kg6 Qe6+ 57. Kg7 Qe5+ 58. Kg6 Qe6+ 1/2-1/2

[Event "Autunno Scacchistico A"]
[Site "Venezia ITA"]
[Date "2004.10.30"]
[Round "1"]
[White "Bonan, Yves"]
[Black "Cesaro, Giuliano"]
[Result "0-1"]
[WhiteElo "1825"]
[BlackElo "1963"]
[PlyCount "88"]
[EventDate "2004.10.30"]

1. Nf3 d5 2. d3 Nf6 3. g3 Nbd7 4. Bg2 e5 5. Bg5 Bd6 6. Nbd2 h6 7. Bxf6 Nxf6 8.
O-O O-O 9. c4 c6 10. Rb1 Re8 11. b4 e4 12. Ne1 e3 13. fxe3 Ng4 14. Nc2 Nxh2 15.
cxd5 Nxf1 16. Qxf1 Bxg3 17. Qf3 Qh4 18. Nf1 Bd6 19. dxc6 Bg4 20. Qf2 Qh5 21.
cxb7 Rad8 22. Nd4 Bd7 23. Nc6 Bxc6 24. Bxc6 Re6 25. Bg2 Rf6 26. Bf3 Rg6+ 27.
Bg2 Rb8 28. Qf3 Qxf3 29. exf3 Rxb7 30. b5 Rc7 31. Rb2 Rc1 32. Kf2 h5 33. f4 h4
34. a4 Ra1 35. Bc6 h3 36. Nh2 Bc5 37. Rc2 Bb6 38. Be4 Rd6 39. d4 g6 40. Kg3
Rxa4 41. Kxh3 Ra3 42. Ng4 Bxd4 43. Kh4 Bb6 44. Kg5 Kg7 0-1

[Event "Autunno Scacchistico A"]
[Site "Venezia ITA"]
[Date "2004.10.30"]
[Round "1"]
[White "Castellano, Alfonso"]
[Black "Scuderi, David"]
[Result "1-0"]
[WhiteElo "1881"]
[BlackElo "2071"]
[PlyCount "77"]
[EventDate "2004.10.30"]

1. c4 e5 2. Nc3 f5 3. g3 Nf6 4. Bg2 c6 5. Nf3 e4 6. Nd4 d5 7. cxd5 cxd5 8. O-O
Bc5 9. Nb3 Bb6 10. d4 Nc6 11. Bg5 O-O 12. Qd2 Be6 13. Rac1 Qe8 14. f3 Qg6 15.
Na4 Nxd4 16. Nxd4 Bxd4+ 17. Kh1 Be5 18. Nc5 Qf7 19. Bh3 b6 20. Nb3 Qh5 21. Kg2
Bxb2 22. Rc6 Bd7 23. Rc2 exf3+ 24. exf3 f4 25. Bxd7 Qxg5 26. Be6+ Kh8 27. Rxb2
Rae8 28. Nd4 h5 29. Qxf4 Qg6 30. Bf5 Qf7 31. Qg5 Qe7 32. Re2 Qb4 33. Ne6 Rf7
34. Bg6 Rxe6 35. Rxe6 Rc7 36. Rfe1 Rc8 37. Rxf6 Qb2+ 38. Kh3 Qxf6 39. Qxh5+ 1-0

[Event "Autunno Scacchistico A"]
[Site "Venezia ITA"]
[Date "2004.10.30"]
[Round "1"]
[White "Cecchetto, Vanni"]
[Black "Balbi, Fabio"]
[Result "1-0"]
[WhiteElo "1989"]
[BlackElo "1862"]
[PlyCount "91"]
[EventDate "2004.10.30"]

1. Nf3 d5 2. d4 Nf6 3. c4 e6 4. Nc3 Nbd7 5. Bg5 Be7 6. e3 O-O 7. Rc1 c6 8. Bd3
dxc4 9. Bxc4 Nd5 10. Bxe7 Qxe7 11. O-O Nxc3 12. Rxc3 e5 13. Qb3 exd4 14. exd4
Nb6 15. Re3 Qf6 16. Bd3 Be6 17. Qd1 Nd5 18. Re5 Bg4 19. Be4 Rad8 20. Re1 Nf4
21. Qb3 Rd7 22. Ng5 h6 23. Nh7 Qd6 24. Nxf8 Kxf8 25. Bf3 Be6 26. R5e4 g5 27.
Qe3 Kg7 28. g3 Nd5 29. Qd2 Nf6 30. Re5 Bxa2 31. Ra5 Be6 32. Rxa7 Bc4 33. Qe3
Ba6 34. Qe5 Qxd4 35. Qxd4 Rxd4 36. Bxc6 Rb4 37. Bg2 Rxb2 38. Bf1 Ra2 39. Bxa6
bxa6 40. Ree7 Ng4 41. Rxf7+ Kg6 42. Rg7+ Kh5 43. Rgf7 Ne5 44. Rf6 Kg4 45. Kg2
a5 46. Rxh6 1-0

[Event "Autunno Scacchistico A"]
[Site "Venezia ITA"]
[Date "2004.10.30"]
[Round "1"]
[White "De Barba, Eric"]
[Black "Buzio, Alberto"]
[Result "1-0"]
[WhiteElo "1805"]
[BlackElo "1909"]
[PlyCount "71"]
[EventDate "2004.10.30"]

1. e4 c5 2. Nc3 e6 3. Bc4 a6 4. d3 b5 5. Bb3 Nc6 6. f4 Bb7 7. Nf3 Nf6 8. O-O
Qb6 9. Kh1 Ng4 10. Qe1 a5 11. a3 Be7 12. h3 h5 13. Qg3 O-O-O 14. a4 b4 15. Nb5
Nf6 16. e5 Ng4 17. Nd2 Nh6 18. Nc4 Qa6 19. Ncd6+ Kb8 20. Bc4 Qb6 21. Qf2 Bxd6
22. Nxd6 Nd4 23. Be3 Qc6 24. c3 Nhf5 25. cxd4 Nxe3 26. Nxb7 cxd4 27. Nxd8 Rxd8
28. Rfe1 d5 29. exd6 Qxd6 30. Rxe3 dxe3 31. Qxe3 Kb7 32. Rc1 Qd4 33. Qf3+ Kb6
34. Bb5 Qd5 35. Qe3+ Kb7 36. Bc6+ 1-0

[Event "Autunno Scacchistico A"]
[Site "Venezia ITA"]
[Date "2004.10.30"]
[Round "1"]
[White "Redo, Giorgio"]
[Black "Lorenzini, Adriano"]
[Result "1-0"]
[WhiteElo "2045"]
[BlackElo "1880"]
[PlyCount "59"]
[EventDate "2004.10.30"]

1. f4 d5 2. Nf3 Nf6 3. b3 Bf5 4. e3 e6 5. Bb2 Be7 6. Be2 c5 7. O-O Nc6 8. Bb5
O-O 9. Bxc6 bxc6 10. Ne5 Qc7 11. d3 Nd7 12. e4 Bg6 13. Nd2 Bf6 14. Nxd7 Bxb2
15. Nxf8 Bxa1 16. Nxe6 fxe6 17. Qxa1 Qa5 18. Rf2 Re8 19. a4 Qb4 20. Qe5 c4 21.
dxc4 Bxe4 22. c3 Qa3 23. Nxe4 dxe4 24. Qxe4 Qxb3 25. Qxc6 Re7 26. f5 Qxc3 27.
Qa8+ Kf7 28. fxe6+ Kg6 29. Qe4+ Kh6 30. Qh4+ 1-0

[Event "Autunno Scacchistico A"]
[Site "Venezia ITA"]
[Date "2004.10.30"]
[Round "1"]
[White "Roberti, Ignazio"]
[Black "Militello, Michele"]
[Result "0-1"]
[WhiteElo "1960"]
[BlackElo "1814"]
[PlyCount "84"]
[EventDate "2004.10.30"]

1. e4 e5 2. Nf3 d6 3. d4 Nf6 4. Nc3 Nbd7 5. dxe5 dxe5 6. Bc4 Be7 7. O-O O-O 8.
h3 c6 9. a4 b6 10. Re1 Qc7 11. Bg5 Nc5 12. Qe2 Be6 13. b4 Bxc4 14. Qxc4 Ne6 15.
Bxf6 Bxf6 16. Rad1 Rac8 17. g3 Nd4 18. Nxd4 exd4 19. Ne2 c5 20. bxc5 Qxc5 21.
Qxc5 bxc5 22. f4 Bd8 23. Rb1 Ba5 24. Red1 Rb8 25. Kf2 Rb6 26. Rxb6 axb6 27. Kf3
Ra8 28. e5 Bb4 29. Rd3 Rxa4 30. Ke4 Ra2 31. Rb3 Rxc2 32. Kd3 Rd2+ 33. Kc4 Rxe2
34. Kd5 Re3 35. Rb2 Rxg3 36. f5 Re3 37. e6 fxe6+ 38. fxe6 d3 39. Ra2 Ba5 40.
Kd6 d2 41. Ra1 Rd3+ 42. Kc6 d1=Q 0-1

[Event "Autunno Scacchistico A"]
[Site "Venezia ITA"]
[Date "2004.10.30"]
[Round "1"]
[White "Rossero, Tullio"]
[Black "Lorusso, Giuseppe"]
[Result "1-0"]
[WhiteElo "1862"]
[BlackElo "1987"]
[PlyCount "69"]
[EventDate "2004.10.30"]

1. d4 Nf6 2. c4 c5 3. d5 b5 4. cxb5 a6 5. Nc3 axb5 6. Nxb5 Bb7 7. Nc3 g6 8. e4
d6 9. Nf3 Bg7 10. Bb5+ Nbd7 11. e5 dxe5 12. Nxe5 O-O 13. Nc6 Bxc6 14. dxc6 Ne5
15. Qxd8 Rfxd8 16. Be3 Rac8 17. Bxc5 Nd3+ 18. Bxd3 Rxd3 19. Ke2 Rdd8 20. Bb6
Rd6 21. Rhd1 Rdxc6 22. Rd8+ Rxd8 23. Bxd8 Ng4 24. h3 Bxc3 25. bxc3 Nf6 26. a4
Nd5 27. Ba5 Nxc3+ 28. Bxc3 Rxc3 29. a5 Rc7 30. a6 Ra7 31. Kd3 Kf8 32. Kc4 Ke8
33. Kb5 Ra8 34. a7 Kd8 35. Kb6 1-0

[Event "Autunno Scacchistico A"]
[Site "Venezia ITA"]
[Date "2004.10.30"]
[Round "1"]
[White "Tomio, Dante"]
[Black "Rossi, Damiano"]
[Result "0-1"]
[WhiteElo "1876"]
[BlackElo "1996"]
[PlyCount "86"]
[EventDate "2004.10.30"]

1. d4 d5 2. Nf3 c6 3. Bf4 Nf6 4. e3 Qb6 5. Qc1 Bf5 6. Be2 h6 7. h3 Nbd7 8. Nbd2
e6 9. c3 c5 10. Ne5 Rc8 11. O-O Be7 12. Ndf3 O-O 13. g4 Be4 14. g5 hxg5 15.
Bxg5 Bd6 16. Qd2 Bxf3 17. Nxf3 Ne4 18. Qc2 f6 19. Bh4 cxd4 20. Nxd4 Bc5 21.
Rac1 Bxd4 22. exd4 e5 23. Qa4 Rf7 24. Bg4 Rd8 25. Rfd1 g5 26. Bg3 Nxg3 27. fxg3
f5 28. Bh5 Rh7 29. g4 f4 30. Qc2 e4 31. c4 Rc8 32. c5 Qc6 33. Qb3 Kg7 34. Re1
Nf6 35. Qd1 Qd7 36. Rc3 Nxh5 37. gxh5 f3 38. Kf2 Qxh3 39. Rh1 Qg2+ 40. Ke3 Qg4
41. Qa4 a6 42. Qb3 Qf4+ 43. Kf2 Qd2+ 0-1

[Event "Autunno Scacchistico A"]
[Site "Venezia ITA"]
[Date "2004.10.30"]
[Round "1"]
[White "Xia, Jie"]
[Black "Bettera, Roberto"]
[Result "1-0"]
[WhiteElo "2097"]
[BlackElo "1883"]
[PlyCount "77"]
[EventDate "2004.10.30"]

1. e4 e5 2. Nf3 Nc6 3. d4 exd4 4. Bc4 Bc5 5. c3 d3 6. Qxd3 d6 7. O-O Nf6 8. b4
Bb6 9. a4 a6 10. h3 h6 11. Nbd2 Qe7 12. Re1 Nd7 13. Bd5 Nde5 14. Qc2 Qf6 15.
Bxc6+ bxc6 16. Nd4 c5 17. bxc5 dxc5 18. a5 Ba7 19. Nf5 c4 20. Nxc4 Nxc4 21.
Qa4+ Bd7 22. Qxc4 Bb5 23. Qxc7 O-O 24. Be3 Bb8 25. Qb6 Qe5 26. Ng3 Qxc3 27.
Rac1 Qb3 28. Nf5 Be5 29. Qc5 Rfe8 30. Ne7+ Rxe7 31. Qxe7 Bc3 32. Red1 Bf6 33.
Qb7 Re8 34. Qd5 Qa4 35. Rc7 Kh8 36. Rdc1 Qxe4 37. Qxf7 Qf5 38. Bxh6 gxh6 39. g4
1-0

[Event "Autunno Scacchistico A"]
[Site "Venezia ITA"]
[Date "2004.10.30"]
[Round "1"]
[White "Zarpellon, Daniel"]
[Black "Mattavelli, Italo"]
[Result "1-0"]
[WhiteElo "1985"]
[BlackElo "1855"]
[PlyCount "45"]
[EventDate "2004.10.30"]

1. e4 e5 2. d4 exd4 3. c3 d3 4. Bxd3 Nc6 5. Nf3 d6 6. h3 Nf6 7. O-O Be7 8. Bg5
h6 9. Be3 Be6 10. Nd4 Bd7 11. f4 O-O 12. Nd2 Re8 13. Qf3 Bf8 14. b4 a6 15. a4
Nh7 16. b5 Na5 17. Rae1 axb5 18. axb5 b6 19. e5 c5 20. Nf5 dxe5 21. fxe5 Rxe5
22. Nxh6+ gxh6 23. Qxf7+ 1-0

[Event "Autunno Scacchistico A"]
[Site "Venezia ITA"]
[Date "2004.10.31"]
[Round "2"]
[White "Balbi, Fabio"]
[Black "Tomio, Dante"]
[Result "0-1"]
[WhiteElo "1862"]
[BlackElo "1876"]
[PlyCount "83"]
[EventDate "2004.10.30"]

1. d4 d5 2. c4 c6 3. cxd5 cxd5 4. Nc3 Nf6 5. Nf3 e6 6. Bg5 Be7 7. e3 O-O 8. Bd3
Nbd7 9. O-O a6 10. Rc1 b5 11. Ne5 Bb7 12. Bf4 Rc8 13. a3 Nb6 14. Qe2 Nc4 15. a4
Qb6 16. axb5 axb5 17. b3 Nd6 18. Nxb5 Nxb5 19. Bxb5 Ra8 20. h3 Ra5 21. Bd3 Rfa8
22. Bg5 Ra2 23. Qf3 Qd8 24. Rb1 Qe8 25. b4 Ne4 26. Bxe4 dxe4 27. Qg3 Bxg5 28.
Qxg5 f6 29. Qf4 fxe5 30. Qxe5 Bd5 31. Rfc1 Qf7 32. Qg3 Rf8 33. Rc7 Qxf2+ 34.
Kh2 Qxg3+ 35. Kxg3 Ra3 36. b5 Rxe3+ 37. Kh2 Rb3 38. Ra1 Rxb5 39. Raa7 Bb7 40.
Raxb7 Rxb7 41. Rxb7 Rd8 42. Rb4 0-1